000 00218 a2200097 4500
001 7704
100 _aJackson, W
245 _aHigh frequency transmmission lines
260 _a
_bAcademic Press
_c
090 _c6165
_d6165
942 _aNUST-CAE
_cM
_c32673
999 _c242777
_d242777